| 000 | 00454cam a2200181ua 4500 | ||
|---|---|---|---|
| 020 | _c12 annas | ||
| 041 |
_amal _h |
||
| 082 |
_a894.812301 _bSHA/KA |
||
| 100 | _aSharma, P C . | ||
| 245 |
_aKathakusumangal / _cP C Sharma. _hTextual Documents |
||
| 250 |
_a2 / _b. |
||
| 260 |
_aThuravoor : _bSree Narasimha Vilasam Book Depot , _c1955. |
||
| 300 | _a86 ; . | ||
| 365 | _a12 annas | ||
| 504 | _a | ||
| 942 | _cBK | ||
| 999 |
_c12598 _d12598 |
||